[Event "WSTCC-50 2020"]
[Site "Prague"]
[Date "2020.03.07"]
[Round "2.41"]
[White "Priehoda, Vitezslav"]
[Black "Jakel, Wolfgang"]
[Result "1-0"]
[WhiteElo "2337"]
[BlackElo "2260"]
[Annotator "TA"]
[PlyCount "61"]
[EventDate "2020.03.06"]
[EventType "team-tourn"]
[EventCountry "CZE"]
[SourceTitle "playchess.com"]
[Source "ChessBase"]
[SourceQuality "1"]

{[%evp 9,61,45,124,26,62,23,26,26,51,16,35,19,45,45,37,42,38,44,54,47,47,42,50,49,36,10,10,8,112,10,75,77,77,79,76,74,84,51,87,52,173,200,434,433,910,151,759,381,869,869,1463,1460,29997,29998]} 1. d4 f5 2. Bg5 g6 3. Nc3 Bg7 4. e3 Nf6 5. h4 h6 (5... Ne4 $14) 6. Bf4 {A80: Dutch Defence: Unusual White second moves.} (6. Bxf6 $1 $16 Bxf6 7. Qf3) 6... O-O {[#]} 7. Bc4+ $146 ({Predecessor:} 7. Qf3 d6 8. Bc4+ e6 9. Nge2 Nc6 10. a3 Qe8 11. Bh2 Kh7 12. O-O-O e5 13. Nd5 Nxd5 14. Bxd5 {1-0 (32) Galyas,M (2506)-Gayson,P (2151) England 2018}) 7... d5 8. Bb3 {White has an edge.} Be6 9. Nf3 c6 10. Ne5 Kh7 11. Ne2 Nbd7 12. c3 Nxe5 13. Bxe5 Ng4 14. Bxg7 Kxg7 15. Qd2 Bf7 16. f3 Nf6 17. Bc2 Qd6 18. O-O-O e5 {[#]} (18... h5 $11 {remains equal.}) 19. Rdg1 ({White should try} 19. h5 $1 $16) 19... Rae8 {[#]} (19... h5 $11 {keeps the balance.}) 20. h5 $1 $36 {[%mdl 2560] White is really pushing.} Nxh5 21. g4 fxg4 22. fxg4 Nf6 23. g5 hxg5 24. Rxg5 {Strongly threatening Ng3.} Ne4 ({Better is} 24... Rg8 $1 $14) 25. Bxe4 $1 $18 dxe4 $2 (25... Qd8 {keeps fighting.}) 26. Ng3 {And now Nf5+ would win.} Be6 (26... Qd8 $142) 27. Rxe5 $2 (27. Qg2 $18 {has better winning chances.} Bg8 28. Nxe4) 27... Bxa2 $2 {Loses the game.} (27... Qd8 $16 28. Nh5+ (28. Rxe4 Qg5 $16) (28. Nxe4 Bxa2 29. Qg2 Rxe5 $14) (28. Qh2 Rh8 $11) 28... gxh5 29. Qg2+ {[%mdl 64] Double Attack} (29. Rexh5 Rf3 $14) 29... Kf7) 28. Rxe8 {Black must now prevent Qh2!} ({Less strong is} 28. Nxe4 Qd8 $14) 28... Rxe8 $2 (28... Qxg3 29. Rxf8 (29. Rxe4 Bd5 $16) 29... Kxf8) 29. Qh2 {White wants to mate with Nh5+!} Kf7 30. Qh7+ Kf8 31. Rf1+ {Accuracy: White = 56%, Black = 33%.} 1-0

[Event "WSTCC-50 2020"]
[Site "Prague"]
[Date "2020.03.07"]
[Round "2.42"]
[White "Sandten, Ulrich"]
[Black "Vokac, Marek"]
[Result "1/2-1/2"]
[WhiteElo "2100"]
[BlackElo "2348"]
[Annotator "TA"]
[PlyCount "75"]
[EventDate "2020.03.06"]
[EventType "team-tourn"]
[EventCountry "CZE"]
[SourceTitle "playchess.com"]
[Source "ChessBase"]
[SourceQuality "1"]

{[%evp 17,75,18,20,0,0,0,0,0,0,0,0,0,0,0,0,-5,-13,-8,11,0,0,0,0,0,0,0,0,0,0,0,0,0,0,0,0,0,0,0,0,0,0,0,0,0,0,-7,0,0,0,0,0,-10,-9,-10,-10,-10,0,0,0,-9]} 1. d4 g6 2. Nf3 Bg7 3. e4 d6 4. c3 Nf6 5. Nbd2 O-O 6. Bd3 Nc6 7. O-O e5 8. dxe5 dxe5 9. Nc4 Nh5 $1 {The position is equal. 9...Nh5 scores better than 9...Qe7.} 10. a4 {[#] B07: Pirc Defence: Miscellaneous Systems.} Nf4 $146 ({Predecessor:} 10... h6 11. Ne3 f5 12. exf5 gxf5 13. Bc4+ Kh7 14. Qc2 e4 15. Rd1 Qe8 16. Nh4 Ne5 17. Bf1 Be6 18. g3 Kg8 19. a5 Qf7 20. c4 f4 21. Nd5 e3 22. Ra3 c6 23. gxf4 Nxf4 24. Nxe3 Qf6 {0-1 (24) Landa,K (2445)-Tseshkovsky,V (2490) Vladivostok 1990}) 11. Bc2 Qxd1 12. Rxd1 Ne2+ 13. Kf1 Nxc1 14. Raxc1 Bh6 15. Ra1 f6 16. b4 Be6 17. Bb3 Rad8 18. Ncd2 Kf7 19. Bxe6+ Kxe6 20. Nc4 Rxd1+ 21. Rxd1 Rd8 22. Rxd8 (22. Ke2 {keeps more tension.} Rxd1 23. Kxd1 Nd8 24. Kc2 c6 25. a5) 22... Nxd8 $11 {[%mdl 4096] Endgame KBN-KNN} 23. Ke2 a6 {[%cal Ba7a6,Ba6b5][%mdl 32]} 24. Kd3 Nf7 25. Ne1 b5 26. axb5 axb5 27. Na3 Nd6 28. c4 c6 29. Nec2 f5 30. f3 Bc1 31. c5 Ne8 32. Nb1 Nf6 33. Nc3 h5 34. Ne2 Bh6 35. h3 h4 36. Na1 Nd7 37. Nb3 Nb8 38. Na5 {A rather calm draw. Accuracy: White = 100%, Black = 100%.} 1/2-1/2

[Event "WSTCC-50 2020"]
[Site "Prague"]
[Date "2020.03.07"]
[Round "2.43"]
[White "Zpevak, Pavel"]
[Black "Zimmermann, Rolf"]
[Result "1-0"]
[WhiteElo "2344"]
[BlackElo "2090"]
[Annotator "TA"]
[PlyCount "89"]
[EventDate "2020.03.06"]
[EventType "team-tourn"]
[EventCountry "CZE"]
[SourceTitle "playchess.com"]
[Source "ChessBase"]
[SourceQuality "1"]

{[%evp 28,89,95,102,106,97,101,104,102,96,105,103,100,100,111,111,122,119,122,122,125,122,124,125,124,121,118,124,133,126,125,125,142,151,158,158,157,151,154,156,165,152,168,168,258,257,1604,1539,2012,1951,29974,29976,29970,5122,5306,5306,29980,29979,29984,29985,29985,29986,29985,29985]} 1. d4 d5 2. c4 e6 3. Nc3 Nf6 4. Bg5 Be7 5. Nf3 c6 6. e3 Nbd7 7. Bd3 dxc4 8. Bxc4 Nd5 9. Bxe7 Qxe7 10. O-O O-O 11. Rc1 Nxc3 12. Rxc3 b6 13. Bd3 Bb7 14. Be4 Rac8 15. Qc2 Nf6 {D67: Queen's Gambit Declined: Classical Main Line with 9...Nd5.} 16. Bxc6 Nd5 17. Bxb7 Qxb7 {White is better.} 18. Rxc8 Rxc8 {[#]} 19. Qd2 $146 ({Predecessor:} 19. Qb1 Qc6 20. Ne5 Qc2 21. Nd3 Kf8 22. Qxc2 Rxc2 23. Rd1 a5 24. a3 b5 25. Kf1 {1-0 (53) Chiesa,R-Randolph,D (1862) ICCF email 2011}) 19... Qc6 20. Rd1 Qc2 21. Ne1 Qxd2 22. Rxd2 $16 {[%mdl 4096] Endgame KRN-KRN} Rc1 {[%cal Rc1e1] [#]} 23. Kf1 Kf8 24. Ke2 Ke7 25. Rd1 Rc7 26. Kd2 Kd6 27. Nd3 f6 28. Rc1 Rxc1 29. Kxc1 {KN-KN} e5 30. e4 Nc7 31. d5 f5 32. f3 (32. exf5 $6 Kxd5 33. Nb4+ Ke4 $14) 32... Ne8 33. Kd2 ({Don't do} 33. exf5 $6 Kxd5 34. Nb4+ Kc5 $16) 33... Nf6 34. Nf2 g6 35. g4 Kc5 (35... Ne8 $142 36. gxf5 gxf5) 36. Kc3 $18 ({Not} 36. gxf5 gxf5 37. Kd3 a6 $16) 36... fxe4 $2 (36... fxg4 37. Nxg4 (37. fxg4 g5 $16) 37... Nd7) 37. Nxe4+ Nxe4+ 38. fxe4 {KP-KP} g5 39. a4 a6 40. Kb3 (40. b4+ $142 Kd6 41. Kc4 h6 42. h3 Kc7 43. a5 Kb7 44. axb6 Kxb6 45. d6) 40... h6 41. Kc3 Kd6 42. Kc4 {White mates.} Kd7 {[#]} 43. a5 $1 {[%mdl 512]} Kc7 (43... bxa5 44. Kc5) 44. axb6+ Kxb6 45. b4 {Accuracy: White = 92%, Black = 68%.} 1-0

[Event "WSTCC-50 2020"]
[Site "Prague"]
[Date "2020.03.07"]
[Round "2.44"]
[White "Hoehn, Michael"]
[Black "Polasek, Jaroslav"]
[Result "0-1"]
[WhiteElo "2036"]
[BlackElo "2365"]
[Annotator "TA"]
[PlyCount "66"]
[EventDate "2020.03.06"]
[EventType "team-tourn"]
[EventCountry "CZE"]
[SourceTitle "playchess.com"]
[Source "ChessBase"]
[SourceQuality "1"]

{[%evp 9,66,7,7,-36,6,8,17,-19,-2,-68,-66,-99,-77,-66,-78,-60,-51,-50,-31,-28,-26,-31,-28,-31,-12,-84,-81,-73,-68,-102,-99,-103,-103,-137,-93,-93,-73,-78,-91,-79,-61,-102,-105,-126,-129,-320,-306,-310,-309,-529,-529,-525,-506,-518,-470,-709,-705,-712,-696]} 1. e4 c5 2. Nf3 Nf6 3. e5 Nd5 4. d4 cxd4 5. Nxd4 Nc6 6. Nxc6 {B29: Sicilian: 2 Nf3 Nf6 (Nimzowitsch Variation).} (6. c4 {looks sharper.} Ndb4 7. Be3 Nxe5 8. Nc3 e6 9. f4) 6... bxc6 7. c4 Nc7 8. Nc3 {The position is equal.} g6 {[#]} 9. h4 $146 (9. Be3 $11) ({Predecessor:} 9. Be3 Bg7 10. f4 O-O 11. Be2 d6 12. exd6 exd6 13. O-O {0-1 (13) Ilkiv,A (1703)-Dobes,V (2212) Pardubice 2019}) 9... Bg7 $15 10. Qe2 Ne6 11. h5 d6 12. exd6 Qxd6 13. Be3 Nd4 14. Bxd4 Qxd4 15. Rd1 Qb6 16. hxg6 fxg6 17. Ne4 (17. Qd2 $11) 17... O-O $17 18. c5 Qxb2 19. Qxb2 Bxb2 20. Bc4+ Kg7 21. f3 Bf5 22. Ng5 h6 23. Ne6+ Bxe6 $1 24. Bxe6 Rfd8 25. Bd7 Bc3+ 26. Ke2 Rab8 27. Rd3 $2 {Now White is beyond hope.} (27. Kf2 $17) 27... Rb2+ $19 {[%mdl 64] [#] Double Attack} 28. Ke3 Rxg2 29. Bxc6 $2 (29. Rxc3 Rxd7 30. Ra3) 29... Bd2+ {Black is clearly winning.} 30. Rxd2 Rdxd2 31. Bb5 Rxa2 32. c6 (32. Bd3 $142 Ra3 33. Rc1) 32... Rgc2 33. Rd1 a6 {Accuracy: White = 47%, Black = 90%.} 0-1

[Event "WSTCC-50 2020"]
[Site "Prague"]
[Date "2020.03.07"]
[Round "2.45"]
[White "Pekarek, Ales"]
[Black "Jhunjhnuwala, Krishan"]
[Result "1/2-1/2"]
[WhiteElo "2274"]
[BlackElo "2341"]
[Annotator "TA"]
[PlyCount "83"]
[EventDate "2020.03.06"]
[EventType "team-tourn"]
[EventCountry "CZE"]
[SourceTitle "playchess.com"]
[Source "ChessBase"]
[SourceQuality "1"]

{[%evp 9,83,2,14,8,6,0,37,31,24,16,42,4,34,22,23,34,74,63,85,75,74,58,82,49,56,38,65,59,47,71,56,52,78,38,65,43,47,55,52,45,46,40,69,11,104,104,104,104,106,108,123,125,119,115,161,161,161,161,161,161,161,154,161,135,154,135,152,135,135,135,135,135,135,135,135,135]} 1. Nf3 d5 2. d4 c5 3. e3 Nc6 4. Be2 Nf6 5. O-O e6 6. a3 {D05: Colle System with ...e6.} cxd4 7. exd4 Be7 {[#]} 8. Bd3 $146 {White is slightly better.} ({Predecessor:} 8. c3 a5 9. Re1 O-O 10. a4 b6 11. Bb5 Bd7 12. Bf4 Na7 13. Ba6 Bc8 14. Bd3 {½-½ (27) Bilquez,R (2001)-Dominguez,A (1920) Elancourt 2005}) 8... O-O 9. Qe2 a6 10. Bg5 b5 11. Nbd2 {[%cal Bb1d2,Bd2f3,Bf3e5][%mdl 32]} h6 12. Bh4 Qb6 13. c3 Na5 14. Ne5 Nc4 15. Ndf3 Re8 16. Rad1 Bb7 17. Bb1 Ne4 18. Bxe7 Rxe7 19. Nxc4 bxc4 20. Ne5 Nf6 21. f3 Nh7 22. Rf2 (22. g4 {feels hotter.} Nf8 23. f4 f6 24. Nf3 Qc7 25. g5) 22... Nf8 23. f4 Bc6 24. Re1 Be8 25. Qf3 Rb8 26. Qg3 (26. f5 $14 f6 27. Ng4) 26... f5 {[#]} (26... h5 $11 {keeps the balance.}) 27. Qh4 $1 $16 {[%cal Rh4e7] White leaves nothing to chance now.} Qd8 {[#]} 28. g4 $1 fxg4 29. Qxg4 Reb7 30. Rg2 Qf6 31. Ree2 g6 32. Ref2 {White is clearly better.} Rg7 33. Qh3 {And now Ng4 would win.} h5 34. Qe3 Rbb7 35. Nf3 Ba4 36. Ng5 a5 37. h3 Rbe7 38. Rf1 Rb7 39. Kh2 Rb6 40. Nf3 Be8 41. Rfg1 Rbb7 42. Ne5 {Accuracy: White = 87%, Black = 69%.} 1/2-1/2

[Event "WSTCC-50 2020"]
[Site "Prague"]
[Date "2020.03.07"]
[Round "2.46"]
[White "Jhunjhnuwala, Ramesh"]
[Black "Pastircak, Milan"]
[Result "1/2-1/2"]
[WhiteElo "2143"]
[BlackElo "2277"]
[Annotator "TA"]
[PlyCount "34"]
[EventDate "2020.03.06"]
[EventType "team-tourn"]
[EventCountry "CZE"]
[SourceTitle "playchess.com"]
[Source "ChessBase"]
[SourceQuality "1"]

{[%evp 11,34,37,39,47,60,0,0,0,15,21,7,4,21,-6,0,-15,0,-35,-4,-3,11,0,6,-18,-6]} 1. e4 g6 2. d4 Bg7 3. Nf3 d6 4. Bc4 Nf6 5. Qe2 O-O 6. O-O Nc6 7. e5 {B06: Modern Defence.} Nh5 {[#]} 8. c3 $146 ({Better is} 8. Qe3 $14) ({Predecessor:} 8. exd6 Qxd6 9. c3 Bg4 10. h3 Bxf3 11. Qxf3 e5 12. d5 Ne7 13. b3 Qd7 14. Rd1 Nf6 {0-1 (94) Bluhm,S (2279)-Miciano,J (2381) Vlissingen 2018}) 8... Bg4 $11 9. exd6 exd6 10. h3 Re8 11. Be3 Bf5 12. Qd2 Nf6 13. Bg5 a6 14. Na3 d5 15. Bd3 {The position is equal.} Qd7 16. Bxf6 {[#] Bxf5 is the strong threat.} Bxf6 17. Rfe1 Bxd3 {Accuracy: White = 67%, Black = 90%.} 1/2-1/2

[Event "WSTCC-50 2020"]
[Site "Prague"]
[Date "2020.03.07"]
[Round "2.47"]
[White "Mudrak, Josef"]
[Black "Jhunjhnuwala, Naresh"]
[Result "1-0"]
[WhiteElo "2213"]
[BlackElo "2085"]
[Annotator "ChessBase"]
[PlyCount "123"]
[EventDate "2020.03.06"]
[EventType "team-tourn"]
[EventCountry "CZE"]
[SourceTitle "playchess.com"]
[Source "ChessBase"]
[SourceQuality "1"]
[TimeControl "40/5400+30:1800+30"]

1. d4 c5 2. c3 cxd4 3. cxd4 d5 4. Nf3 Nc6 5. Nc3 Nf6 6. Bf4 e6 7. e3 Bb4 8. Bd3 O-O 9. O-O Bxc3 10. bxc3 Ne4 11. Bxe4 dxe4 12. Nd2 f5 13. f3 exf3 14. Qxf3 Qd5 15. Qg3 Rf6 16. c4 Qd7 17. Rfd1 Ne7 18. Nf3 b6 19. Ne5 Qe8 20. d5 Ng6 21. Bg5 Rf8 22. d6 Nxe5 23. Qxe5 f4 24. exf4 Rf5 25. Qe4 Bd7 26. Re1 Qc8 27. Rad1 Rb8 28. Qd4 Rc5 29. Rc1 Qc6 30. Re3 Rf8 31. Be7 Rf7 32. Re5 Rf5 33. Rxf5 Rxf5 34. Rc3 a6 35. Bd8 b5 36. cxb5 Qxb5 37. Qc4 Rd5 38. Qxb5 Bxb5 39. Be7 Rd2 40. a3 Kf7 41. Rc8 Kg6 42. h3 Kf5 43. Rc5+ Ke4 44. a4 Bxa4 45. Rc4+ Rd4 46. Rxa4 Rxa4 47. d7 Rd4 48. d8=Q Rxd8 49. Bxd8 Kxf4 50. Kf2 h5 51. g3+ Ke4 52. Ke2 Kd4 53. Bc7 Ke4 54. Bb6 e5 55. Bd8 g6 56. Bb6 g5 57. Bd8 h4 58. g4 Kf4 59. Kf2 Ke4 60. Bxg5 a5 61. Bxh4 a4 62. Be7 1-0

[Event "WSTCC-50 2020"]
[Site "Prague"]
[Date "2020.03.07"]
[Round "2.48"]
[White "Jhunjhnuwala, Suresh"]
[Black "Vrana, Frantisek"]
[Result "0-1"]
[WhiteElo "1864"]
[BlackElo "2231"]
[Annotator "TA"]
[PlyCount "72"]
[EventDate "2020.03.06"]
[EventType "team-tourn"]
[EventCountry "CZE"]
[SourceTitle "playchess.com"]
[Source "ChessBase"]
[SourceQuality "1"]

{[%evp 13,72,20,18,-1,-10,-10,-5,-5,-5,-5,16,-26,-30,-46,-52,-56,-34,-33,-31,-37,-52,-46,-47,-45,-50,-51,37,33,30,29,18,0,0,-493,-496,-490,-487,-744,-729,-722,-719,-987,-987,-987,-978,-970,-853,-1774,-1687,-12844,-12849,-10989,-6436,-6065,-5795,-6033,-5439,-2729,-5143,-5235,-4951]} 1. e4 c5 2. Nf3 Nc6 3. Bb5 g6 4. O-O Bg7 5. c3 e5 6. d3 Nge7 7. Be3 d6 8. h3 {B31: Sicilian: 2...Nc6 3 Bb5 g6.} O-O 9. Qd2 a6 10. Bxc6 {The position is equal.} Nxc6 {[#]} 11. d4 $146 ({Predecessor:} 11. Bh6 f5 12. Bxg7 Kxg7 13. exf5 Bxf5 14. Qe3 Qf6 15. Nbd2 d5 16. Rfe1 Rae8 17. Qxc5 e4 18. dxe4 dxe4 19. Nh2 Ne5 20. Re2 g5 21. Nc4 Nd3 {½-½ (21) Diaz,M (2215)-Fortuit,N (2099) France 2009}) 11... b6 12. dxe5 dxe5 13. Qxd8 Rxd8 14. Na3 h6 15. Nc4 Rb8 16. Rfd1 Rxd1+ 17. Rxd1 Be6 18. Rd6 Bxc4 19. Rxc6 Bd3 (19... Bxa2 $15 20. Nd2 Be6) 20. Nd2 $14 Bb5 21. Rc7 $1 f5 {[#] Hoping for ...f4.} 22. f3 Rd8 {Strongly threatening ...f4.} (22... f4 $5 23. Bf2 $8 Rd8 $11) 23. f4 $2 {[%mdl 8192]} (23. g3 $11 {and White stays safe.}) 23... exf4 $19 {Black is clearly winning.} 24. Bxf4 g5 25. Rxg7+ (25. Be3 $142 f4 26. Bxf4 gxf4 27. Nf3) 25... Kxg7 {[%mdl 4096] Endgame KRB-KBN} 26. Be5+ Kf7 27. Nb3 Rd1+ 28. Kf2 f4 {[%csl Gb5][%cal Rd1f1] [#]} 29. g4 a5 30. Bc7 a4 31. Bxb6 axb3 32. axb3 Bd3 33. Bxc5 Bxe4 34. b4 Rd2+ 35. Ke1 Rxb2 36. Bd4 Ke6 {Accuracy: White = 61%, Black = 90%.} 0-1

[Event "WSTCC-50 2020"]
[Site "Prague"]
[Date "2020.03.08"]
[Round "3.1"]
[White "Potapov, Alexander"]
[Black "Bryson, Douglas M"]
[Result "1/2-1/2"]
[WhiteElo "2413"]
[BlackElo "2334"]
[Annotator "TA"]
[PlyCount "135"]
[EventDate "2020.03.06"]
[EventType "team-tourn"]
[EventCountry "CZE"]
[SourceTitle "playchess.com"]
[Source "ChessBase"]
[SourceQuality "1"]

{[%evp 16,135,0,0,10,33,18,-29,0,-31,-35,-28,-41,-22,0,0,20,40,20,0,46,49,49,22,62,125,146,116,160,133,211,104,116,116,107,114,310,295,470,55,90,0,0,-139,-141,-135,-145,-224,-247,-242,43,55,42,43,52,48,48,57,58,27,27,21,34,8,47,41,50,17,55,26,15,0,0,8,8,0,0,0,12,11,10,0,12,0,14,11,11,16,37,-237,14,14,14,8,51,8,8,8,8,8,8,8,8,0,0,0,0,0,0,0,0,0,0,0,0,0,0,0,0,0,0,0]} 1. d4 d5 2. c4 e6 3. Nc3 c6 4. e4 dxe4 5. Nxe4 Bb4+ 6. Bd2 Qxd4 7. Bxb4 Qxe4+ 8. Be2 Na6 9. Ba5 {[%csl Ga5][%cal Rd1d8]} f6 {D31: Queen's Gambit Declined: Semi-Slav without ...Nf6 (+ Marshall Gambit and Noteboom) and Exchange Variation lines without ...Nf6.} 10. Nf3 b6 11. Qd6 (11. Nd2 $5 {[%cal Rd2e4]} Qf4 12. Bh5+ Ke7 13. Bc3 $11) 11... Bd7 {Black has an edge.} ({But not} 11... bxa5 $6 12. Nd2 $16) 12. O-O-O O-O-O 13. Bd3 Qg4 {[#]} 14. h3 $146 ({Predecessor:} 14. Bc3 Nh6 15. Nd4 Nf7 16. Qa3 Kb7 17. Kb1 Nc5 18. Bc2 e5 19. b4 Ne4 20. Rhe1 Nfd6 21. b5 Nxc4 22. Qa6+ Ka8 23. Bxe4 exd4 24. bxc6 Bc8 25. Qxc4 {1-0 (25) Maier,M (1949)-Seyfried,C (2208) Bad Woerishofen 2014}) 14... Qh5 15. Bc3 $40 {[%mdl 128] White has some attack.} Nh6 16. Qa3 Kb7 17. b4 {[%cal Bb2b4,Bb4b5][%mdl 32]} Nb8 18. Be4 {[%mdl 1024] White has compensation.} e5 $1 19. b5 Qf7 20. Qa4 Qe6 {Black wants to play ...Nf7.} 21. g4 Nf7 {Threatening ...Nd6.} 22. c5 $1 h5 (22... Be8 $16) 23. Rd3 (23. Rd2 $18 {and White stays clearly on top.}) 23... Be8 $16 24. Rxd8 Nxd8 25. Rd1 $1 Nf7 $2 (25... Bf7 $16) 26. Nd2 $1 $18 hxg4 (26... Ng5 $142 27. Bh1 hxg4) 27. hxg4 $2 ({White should try} 27. cxb6 $18 axb6 28. Nc4 Rxh3 29. Kb2) 27... Rh3 $14 28. f3 (28. Kc2 $16 Ng5 29. Bg2 Bg6+ 30. Kb2) 28... Ng5 $1 $11 29. Bb2 (29. cxb6 $1 $11 {keeps the balance.} axb6 30. Qa3) 29... Nxe4 $17 30. cxb6 axb6 31. Nxe4 (31. Qxe4 $17 Bf7 32. a3) 31... cxb5 $19 32. Qa3 {[#]} Qc4+ $2 (32... Qc6+ $1 $19 33. Bc3 {[#]} b4 $1 {[%mdl 512]} 34. Qxb4 Na6 35. Qe7+ Nc7) 33. Bc3 $14 {White wants to mate with Nd6+.} Qa4 34. Nd6+ Ka6 35. Qxa4+ bxa4 36. Nxe8 Rxf3 37. Bd2 Rg3 38. g5 fxg5 39. Rf1 Kb5 40. Nd6+ Kc6 41. Ne4 (41. Nf5 $5 {[%cal Rf5g3]} Rg2 42. Ne3 $14) 41... Rg2 42. Nxg5 Kd5 43. Rf7 Nc6 44. Rd7+ Kc4 45. Rc7 Kd5 46. Rxg7 Rg1+ 47. Kb2 Rg2 48. Kc1 Rg1+ 49. Kb2 Rg2 50. Rd7+ Kc4 51. Nf3 Rf2 52. Rf7 $2 {[%mdl 8192]} (52. Ne1 $14) 52... Kd5 $2 (52... e4 $19 53. Rf6 (53. Ne5+ $2 Nxe5 54. Rxf2 Nd3+ {[%mdl 64] Double Attack} 55. Kb1 Nxf2 $19) 53... Kd5 54. Rf5+ Kd6 55. Rf6+ Kc7 56. Rf7+ Kc8) 53. Kc3 $11 {And now Nxe5! would win.} b5 {aiming for ...b4+.} 54. a3 {Black must now prevent Nxe5!} Rg2 55. Ng5 {Rd7+ is the strong threat.} Nd4 {The position is equal.} 56. Kd3 {Strongly threatening Ne4.} Rg3+ 57. Be3 {Hoping for Ne4.} Nc2 58. Kxc2 Rxe3 {[%mdl 4096] Endgame KRN-KR} 59. Kb2 Rb3+ 60. Ka2 Rg3 61. Nf3 Rg2+ 62. Kb1 e4 63. Rf5+ Kc4 64. Rf4 Kd5 65. Rf5+ Kc4 66. Rf4 Kd5 67. Rf5+ Kc4 68. Rf4 {Accuracy: White = 67%, Black = 65%.} 1/2-1/2

[Event "WSTCC-50 2020"]
[Site "Prague"]
[Date "2020.03.08"]
[Round "3.2"]
[White "Farrell, Neil"]
[Black "Sergeyev, Alexander"]
[Result "1/2-1/2"]
[WhiteElo "2183"]
[BlackElo "2398"]
[Annotator "TA"]
[PlyCount "118"]
[EventDate "2020.03.06"]
[EventType "team-tourn"]
[EventCountry "CZE"]
[SourceTitle "playchess.com"]
[Source "ChessBase"]
[SourceQuality "1"]

{[%evp 13,118,35,35,35,36,35,46,30,33,32,24,28,27,20,33,14,26,25,33,30,44,9,16,16,19,18,19,8,32,0,0,0,0,0,0,-95,-105,-139,0,-29,0,-12,-12,-9,-10,-10,0,0,0,-14,0,0,0,0,0,0,0,0,0,0,0,0,0,0,0,0,0,0,0,0,0,0,0,0,0,0,0,0,0,0,0,0,0,0,0,-8,14,14,14,14,15,22,22,22,22,0,22,0,22,0,22,0,26,33,33,0,33]} 1. d4 d5 2. c4 c6 3. Nf3 Nf6 4. e3 Bf5 5. Nc3 e6 6. Nh4 Bg4 {6...Be4 is the modern continuation.} 7. Qb3 Qc7 8. h3 {D12: Slav Defence: 3 Nf3 Nf6 4 e3 Bf5.} Bh5 9. g4 Bg6 10. Nxg6 {White is slightly better.} hxg6 11. Bg2 Nbd7 {[%cal Bb8d7,Bd7b6,Bb6d5][%mdl 32]} 12. g5 dxc4 13. Qxc4 Nd5 14. Bd2 N7b6 15. Qe2 Be7 16. f4 {[#]} O-O-O $146 ({Predecessor:} 16... Bd6 17. Ne4 Bb4 18. Nc3 Bd6 19. h4 Qe7 20. Kf2 a6 21. Ne4 Nc8 22. h5 Rxh5 23. Rxh5 gxh5 24. Qxh5 {1-0 (55) Arnold,M (2425)-Eckert,D (2232) Las Vegas 2010}) 17. O-O-O Kb8 18. Kb1 Nxc3+ 19. Bxc3 Nd5 20. Bd2 c5 21. Rc1 Qb6 $1 22. e4 Nc7 23. dxc5 Bxc5 24. Rxc5 (24. h4 $11) 24... Qxc5 $17 25. Bc3 Rd7 (25... Nb5 $17 26. Bxg7 Rhg8 27. Be5+ Ka8) 26. Rc1 Rhd8 27. Be5 Qb6 {...f6 is the strong threat.} 28. Qc4 Rd6 29. Bxd6 Rxd6 30. Qc3 Rc6 31. Qd2 {[%cal Rd2d8] [#]} Rxc1+ 32. Kxc1 {[%cal Rd2d8]} Nb5 33. e5 Nd4 34. b3 a5 35. Be4 Qc5+ 36. Kd1 b6 37. Ke1 Kc7 38. Kd1 Nb5 {[#] Hoping for ...Nc3+.} 39. Ke2 Qc3 40. Bd3 Nd4+ 41. Kd1 $1 Qc5 42. Qc1 Kc6 43. Be4+ Kb5 {And now ...Qxc1+ would win.} 44. Bd3+ Kc6 $1 45. Be4+ Kc7 46. Qxc5+ bxc5 $11 {[%mdl 4096] Endgame KB-KN} 47. Bd3 Nc6 48. Bb5 Nb4 49. Ke2 Kd8 50. a4 Nd5 51. Kf3 Nc3 52. Ke3 Nd5+ $1 53. Ke4 Ke7 54. Bc6 Nb6 55. Bb5 Nd5 56. Bc6 Nb6 57. Bb5 Kd8 58. Kd3 Ke7 $1 59. Ke4 Nd5 {Accuracy: White = 91%, Black = 95%.} 1/2-1/2

[Event "WSTCC-50 2020"]
[Site "Prague"]
[Date "2020.03.08"]
[Round "3.3"]
[White "Goriatchkin, Jouri"]
[Black "Grant, Jonathan I M"]
[Result "1/2-1/2"]
[WhiteElo "2310"]
[BlackElo "2166"]
[Annotator "TA"]
[PlyCount "105"]
[EventDate "2020.03.06"]
[EventType "team-tourn"]
[EventCountry "CZE"]
[SourceTitle "playchess.com"]
[Source "ChessBase"]
[SourceQuality "1"]

{[%evp 12,105,32,21,25,-4,-2,-14,20,20,27,20,33,23,24,28,27,21,43,22,43,28,34,14,11,-18,-18,-16,-7,-18,-18,-23,0,0,0,-7,-8,-15,-4,0,7,0,0,0,14,19,18,21,33,29,41,39,43,22,29,4,38,39,45,52,68,42,66,10,80,63,141,54,57,64,64,0,0,0,0,0,0,0,32,37,36,35,133,100,107,0,0,0,0,0,0,0,0,0,0,0]} 1. d4 Nf6 2. c4 e6 3. g3 Bb4+ 4. Bd2 a5 5. Bg2 O-O 6. Nf3 b6 7. Ne5 Ra7 {E15: Queen's Indian: 4 g3 sidelines, 4 g3 Ba6 and 4 g3 Bb7 early deviations.} 8. Nd3 Bxd2+ 9. Nxd2 {[#]} d5 $146 ({Predecessor:} 9... d6 10. O-O c5 11. d5 exd5 12. cxd5 Ba6 13. Qc2 Re8 14. Rfe1 Rae7 15. e3 b5 {1-0 (47) Doros,R (2320)-Paschall,W (2384) Hungary 2012}) 10. cxd5 exd5 11. Rc1 Re8 12. O-O Ba6 13. Nf3 {[%cal Bd2f3,Bf3e5,Be5g4,Bg4f2,Bf2d3][%mdl 32]} Qd6 14. Re1 Ne4 15. Qa4 c6 16. Nfe5 {[%cal Re5c6]} Bb5 17. Qc2 a4 18. f3 Ng5 19. e3 f6 20. Ng4 Rae7 21. Qd2 Nd7 22. Nf4 f5 23. Nf2 Nf6 24. N2d3 Nf7 25. h4 g6 26. Kf2 Bc4 27. Qc3 c5 (27... Rc7 {keeps more tension.} 28. e4 fxe4 29. fxe4 Nxe4+ 30. Bxe4 Rxe4 31. Rxe4 dxe4 32. Qxc4 exd3 33. Qxd3 Re7) 28. b3 axb3 29. axb3 cxd4 30. Qxd4 Bxd3 ({Don't go for} 30... Bxb3 $2 31. Rb1 $18) 31. Nxd3 Nh5 32. Nf4 Nxf4 33. gxf4 Re6 34. Rc3 Qe7 35. Kg3 Rd8 36. Rec1 Nd6 {Hoping for ...Nb5.} 37. Rc7 (37. Rc6 $14) 37... Qf8 (37... Nb5 $11 38. Rxe7 Nxd4 39. Rxe6 Nxe6) 38. Bf1 Ne8 {[#]} (38... Qf6 $14) 39. Rc8 (39. R7c6 $1 $16 {[%cal Rc6e6]} Qe7 40. Rxe6 Qxe6 41. b4) 39... Nf6 $14 40. Ba6 {Rxd8 is the strong threat.} Kg7 41. R1c6 (41. Rxd8 $14 Qxd8 42. Bc8) 41... Rxc6 $11 42. Rxc6 Rd6 $1 {[%cal Rd6c6]} 43. Rxb6 Rxb6 44. Qxb6 Qa3 45. Kf2 Qa1 46. Bf1 Qc3 (46... Nh5 $14) 47. Be2 Qc1 48. Qd8 ({White should play} 48. Qa7+ $16 Kf8 49. Qd4) 48... Qc5 {The position is equal.} 49. Qb8 d4 $1 50. Qe5 dxe3+ 51. Qxe3 Qb4 52. Bc4 Nh5 53. Qd4+ {Accuracy: White = 80%, Black = 82%.} 1/2-1/2